|
|
|
|
| LEADER |
02108nam a22004934a 4500 |
| 001 |
EBC1173226 |
| 003 |
MiAaPQ |
| 005 |
20120821022746.0 |
| 006 |
m o d | |
| 007 |
cr cn||||||||| |
| 008 |
111011s2012 ncu ob 001 0 eng d |
| 019 |
|
|
|a 796786748
|
| 020 |
|
|
|a 082239510X (electronic bk)
|
| 020 |
|
|
|a 9780822395102 (electronic bk)
|
| 020 |
|
|
|z 0822351765 (print : pbk)
|
| 020 |
|
|
|z 9780822351764 (print : pbk)
|
| 020 |
|
|
|z 0822351900 (pbk. : alk. paper)
|
| 020 |
|
|
|z 9780822351900 (pbk. : alk. paper)
|
| 024 |
8 |
|
|a 9786613721068
|
| 035 |
|
|
|a (MiAaPQ)EBC1173226
|
| 035 |
|
|
|a (Au-PeEL)EBL1173226
|
| 035 |
|
|
|a (CaPaEBR)ebr10571129
|
| 035 |
|
|
|a (CaONFJC)MIL372106
|
| 035 |
|
|
|a (OCoLC)798613276
|
| 037 |
|
|
|a 372106
|b MIL
|
| 040 |
|
|
|a MiAaPQ
|c MiAaPQ
|d MiAaPQ
|
| 049 |
|
|
|a NDDP
|
| 050 |
|
4 |
|a HQ515
|b .F474 2012
|
| 082 |
0 |
4 |
|a 306.850973
|2 23
|
| 100 |
1 |
|
|a Ferguson, Kennan,
|d 1968-
|
| 245 |
1 |
0 |
|a All in the family
|h [electronic resource] :
|b on community and incommensurability /
|c Kennan Ferguson.
|
| 260 |
|
|
|a Durham :
|b Duke University Press,
|c 2012.
|
| 300 |
|
|
|a 1 online resource (ix, 199 p.)
|
| 504 |
|
|
|a Includes bibliographical references and index.
|
| 505 |
0 |
|
|a Familial intensities -- The functioning family -- Communities against politics -- Silence: a politics -- I [heart] my dog -- The spaces of disability -- Familiar languages.
|
| 533 |
|
|
|a Electronic reproduction. Ann Arbor, MI : ProQuest, 2015. Available via World Wide Web. Access may be limited to ProQuest affiliated libraries.
|
| 588 |
|
|
|a Description based on print version record.
|
| 650 |
|
0 |
|a Families
|x Political aspects.
|
| 650 |
|
0 |
|a Democracy.
|
| 655 |
|
4 |
|a Electronic books.
|
| 710 |
2 |
|
|a ProQuest (Firm)
|
| 776 |
0 |
8 |
|i Print version:
|a author Ferguson, Kennan, 1968-
|t All in the family
|d Durham, N.C. : Duke University Press, 2012
|z 0822351765
|z 9780822351764
|z 0822351900
|z 9780822351900
|w (DLC) 2011041899
|w (OCoLC)748336574
|
| 830 |
|
0 |
|a e-Duke books scholarly collection.
|
| 856 |
4 |
0 |
|u https://ebookcentral.proquest.com/lib/matrademy/detail.action?docID=1173226
|z Click to View
|